000
00263 a2200097 4500
001
59626
100
_a
245
_a
New Age of Innovation; Driving concreated value through global networks
260
_a
new delhi
_b
Tata Mc Graw Hill
_c
2008
090
_c
36499
_d
36499
942
_a
NUST-CAE
_c
_c
29445
999
_c
294699
_d
294699